000 00946cam a2200253 a 4500
001 000014957
005 20200929163929.0
008 841023s1985 ilua b 001 0 eng
020 _a0256031428
040 _aDO-SdBNP
_beng
_cLC
_dBNPHU
050 0 0 _aHD58.7
_b.S285 1985
082 _a302.3/5
_bS253c
100 1 _aSathe, Vijay.
_933849
245 1 0 _aCulture and related corporate realities :
_btext, cases, and readings on organizational entry, establishment, and change /
_cVijay Sathe.
260 _aHomewood, Illinois :
_bRichard D. Irwin,
_c1985.
300 _axvi, 579 p. :
_bil. ;
_c26 cm.
490 1 4 _aThe Irwin series in management and the behavioral sciences
504 _aBibliografía: p. 558-565.
650 0 _aOrganizational behavior.
_933850
650 0 _aCorporate culture.
_933851
830 0 _aThe Irwin series in management and the behavioral sciences
_933852
910 _aCatalogación por copia / LC
049 _aBNGR
999 _c14532
_d14532